Normal view MARC view

Entry Nombre de reunión

Number of records used in: 1

001 - NÚMERO DE CONTROL

  • campo de control: 22716

003 - IDENTIFICADOR DE NÚMERO DE CONTROL

  • campo de control: OSt

005 - FECHA Y HORA DE LA ÚLTIMA TRANSACCIÓN

  • campo de control: 20221005160228.0

008 - ELEMENTOS DE DATO DE LONGITUD-FIJA

  • campo de control de longitud fija: 221005|| aca||aabn | a|a d

040 ## - FUENTE DE CATALOGACIÓN

  • Centro catalogador/agencia de origen: OSt
  • Centro/agencia transcriptor: OSt

111 ## - ENCABEZAMIENTO--NOMBRE DE CONGRESO/REUNIÓN

  • Nombre de congreso/reunión o jurisdicción como elemento de entrada: CONFERENCIA EUROPEA SOBRE COOPERACION ENTRE CENTROS DE INVESTIGACION Y SINDICATOS
  • Número del congreso/reunión o número de parte o sección: 1º :
  • Sede del congreso/Lugar de la reunión: Bruselas)
  • Fecha del congreso o de la firma del tratado: (1987

670 ## - FUENTE DE DATOS ENCONTRADOS

  • Cita de la fuente: Work cat.: (OSt)25237: Investigación conjunta de sindicatos y universidades sobre la sociedad tecnológica del futuro :, 1989

Powered by Koha